| 000 | 00796nam a22001577a 4500 | ||
|---|---|---|---|
| 003 | OSt | ||
| 005 | 20151003110609.0 | ||
| 008 | 151003b xxu||||| |||| 00| 0 eng d | ||
| 040 | _cRUA | ||
| 082 | _aAVM HON 1999 B071 Or.1 | ||
| 100 |
_91871 _aHONG, PHANITH. |
||
| 245 | _aDiagnosis on new castle and gumboro diseases using elisa test at the poultry station of RUA, ការធ្វើរោគវិនិច្ឆ័យជំងឺញីវកើស និង ហ្គុំប៊ូរ៉ូ ប្រើប្រាស់តេស្តអេឡាយសានៅស្ថានីយ៍ចិញ្ចឹមសត្វសាកលវិទ្យាល័យភូមិន្ទកសិកម្ម | ||
| 260 |
_aPhnom Penh _bRUA _c1999 |
||
| 300 |
_a31p. _bill. _c29cm. |
||
| 942 |
_2ddc _cAVM |
||
| 999 |
_c1769 _d1769 |
||